[Event "POL-chT 1st League 2020"]
[Site "Ustron"]
[Date "2020.09.06"]
[Round "2.27"]
[White "Kozak, Antoni"]
[Black "Sanz Wawer, Daniel"]
[Result "1/2-1/2"]
[WhiteElo "2347"]
[BlackElo "2325"]
[Annotator "RC"]
[PlyCount "68"]
[EventDate "2020.09.05"]
[EventType "team-tourn"]
[EventCountry "POL"]
[SourceTitle "playchess.com"]
[Source "ChessBase"]
[SourceQuality "1"]
[TimeControl "40/5400+30:1800+30"]

1. e4 {[%emt 0:00:00]} c6 {[%emt 0:00:00]} 2. d4 {[%emt 0:00:00]} d5 {[%emt 0:00:00]} 3. exd5 {[%emt 0:00:00]} cxd5 {[%emt 0:00:00]} 4. Bd3 {[%emt 0:00:00]} Nc6 {[%emt 0:00:02]} 5. c3 {[%emt 0:00:00]} Nf6 {[%emt 0:02:02]} 6. Bf4 {[%emt 0:00:15]} Bg4 {[%emt 0:00:56]} 7. Qb3 {[%emt 0:00:06]} Qc8 {[%emt 0:02:06]} 8. Nd2 {[%emt 0:02:26]} e6 {[%emt 0:01:01]} 9. Ngf3 {[%emt 0:00:09]} Be7 {[%emt 0:00:42]} 10. O-O {[%emt 0:05:03]} O-O {[%emt 0:00:32]} 11. Ne5 {[%emt 0:09:42]} Bh5 {[%emt 0:05:41]} 12. Ndf3 {[%emt 0:05:26]} Nxe5 {[%emt 0:06:04]} 13. Nxe5 {[%emt 0:00:27]} Nd7 {[%emt 0:06:01]} 14. Qc2 {[%emt 0:28:01]} Nxe5 {[%emt 0:03:16]} 15. Bxh7+ {[%emt 0:06:27]} Kh8 {[%emt 0:00:05]} 16. dxe5 {[%emt 0:00:03]} Qc4 {[%emt 0:13:22]} 17. Be3 {[%emt 0:01:55]} g6 {[%emt 0:07:36]} 18. f3 {[%emt 0:00:05]} Kxh7 {[%emt 0:05:50]} 19. g4 {[%emt 0:00:38]} Bxg4 {[%emt 0:02:45]} 20. fxg4 {[%emt 0:00:08]} Qxg4+ {[%emt 0:01:00]} 21. Kh1 {[%emt 0:00:05]} f5 {[%emt 0:06:49]} 22. exf6 {[%emt 0:00:22]} Rxf6 {[%emt 0:05:12]} 23. Rxf6 {[%emt 0:01:26]} Bxf6 24. Rf1 {[%emt 0:00:09]} Rf8 {[%emt 0:16:56]} 25. Bxa7 {[%emt 0:15:26]} Bg7 {[%emt 0:02:56]} 26. Rxf8 {[%emt 0:01:07]} Bxf8 {[%emt 0:00:04]} 27. Bd4 {[%emt 0:04:45]} Bh6 {[%emt 0:03:02]} 28. Qb3 {[%emt 0:02:40]} Qe4+ {[%emt 0:02:19]} 29. Kg1 {[%emt 0:00:04]} Be3+ {[%emt 0:02:24]} 30. Bxe3 {[%emt 0:00:18]} Qxe3+ {[%emt 0:00:04]} 31. Kg2 {[%emt 0:00:03]} Qe2+ {[%emt 0:00:16]} 32. Kg3 {[%emt 0:00:25]} Qe3+ {[%emt 0:00:31]} 33. Kg2 {[%emt 0:00:04]} Qe2+ {[%emt 0:00:39]} 34. Kg3 {[%emt 0:00:05]} Qe3+ {[%emt 0:00:34]} 1/2-1/2

[Event "POL-chT 1st League 2020"]
[Site "Ustron"]
[Date "2020.09.06"]
[Round "2.28"]
[White "Kokoszczynski, Jan"]
[Black "Chyzy, Jakub"]
[Result "1/2-1/2"]
[WhiteElo "2231"]
[BlackElo "2249"]
[Annotator "TA"]
[PlyCount "86"]
[EventDate "2020.09.05"]
[EventType "team-tourn"]
[EventCountry "POL"]
[SourceTitle "playchess.com"]
[Source "ChessBase"]
[SourceQuality "1"]

{[%evp 14,86,37,0,12,2,36,32,45,26,68,72,72,63,92,62,69,0,0,0,36,0,0,0,0,-53,-22,-22,-14,0,-51,-246,-264,-283,-291,-228,-216,-360,-235,-229,-226,-403,-322,-361,-321,-339,-237,-1030,-278,-469,-466,-575,-161,-155,-22,-15,-15,-10,-17,-9,-16,-100,-101,-100,-100,-79,0,0,0,0,0,0,8,8,8]} 1. d4 Nf6 2. c4 d6 3. Nc3 Nbd7 4. Nf3 e5 5. Bg5 Be7 6. e3 O-O 7. Qc2 c6 8. O-O-O exd4 {A54: Old Indian Defence with Nf3, but without e4.} 9. Nxd4 Nc5 {[#]} 10. Kb1 $146 ({Predecessor:} 10. Be2 Qa5 11. Bh4 Rd8 12. e4 Re8 13. Kb1 Nfxe4 14. Nxe4 Bxh4 15. Nxd6 Rd8 16. Nxf7 {1-0 (30) Lubbe,N (2500)-Zujev,O (2366) Karlsruhe 2017}) 10... a5 {[%cal Ba7a5,Ba5a4,Ba4a3][%mdl 32] White is slightly better.} 11. h3 Ne8 12. Bf4 Bf6 13. g4 g6 14. Bg2 a4 15. Ne4 ({White should try} 15. a3 $14) 15... Nxe4 $11 16. Bxe4 Qe7 (16... a3 $5 {[%cal Ra3b2]}) 17. Rd2 a3 18. b3 Bg7 19. g5 (19. Bg2 $1 $11) 19... Nc7 20. Nxc6 bxc6 21. Bxd6 Qxg5 22. f4 $2 (22. Bxc7 $15 Re8 23. Kc1) 22... Qa5 $1 $19 {And now ...Re8 would win.} (22... Qf6 23. Be5 $15) 23. Bxf8 Bxf8 24. Bxc6 Rb8 $40 {[%mdl 128] Black attacks with force.} 25. e4 (25. Bg2 {might work better.}) 25... Na6 {Threatens to win with ...Nb4.} 26. Bd5 Bg7 $1 {[%mdl 1024] Black has strong compensation.} 27. Rhh2 $2 (27. Re2) 27... Nc5 28. h4 Bd7 29. h5 Qb6 {[%cal Rc5b3] ...Nxb3! is the strong threat.} 30. hxg6 $2 {[#]} (30. h6 Nxb3 31. Bxf7+ Kxf7 32. Rxd7+ Ke8 33. hxg7 (33. axb3 $2 Qg1+ 34. Qd1 Qxh2 $19 {[%mdl 64] Double Attack}) 33... Nd2+ {[%mdl 64] Discovered Attack (Double check)} 34. Kc1 Qg1+ {[%mdl 64] Double Attack} 35. Kxd2 Qxh2+ {[%mdl 64] Double Attack} 36. Ke3 Qg1+ 37. Kf3 Kxd7 38. Qd2+ Ke7 39. Qd5) 30... hxg6 $2 (30... Nxb3 $1 {[%mdl 512] ( -> ...Na1+)} 31. gxh7+ (31. axb3 Qg1+) 31... Kh8 32. axb3 Qg1+ 33. Qd1 a2+ $1 {[%mdl 576] Decoy} 34. Kxa2 Qa7+ 35. Kb1 Qa1+ 36. Kc2 Qb2+ 37. Kd3 Qc3+ 38. Ke2 Bg4+ {[%mdl 64] Skewer} 39. Ke1 Bxd1 {[%mdl 64] Pin}) 31. Rdg2 $2 (31. Rhg2 {was called for.}) 31... Na4 {White must now prevent ...Nc3+.} 32. c5 ({Wrong is} 32. e5 $2 Bf5) 32... Qb4 $2 (32... Qf6 {[%csl Gg7][%cal Rf6a1]} 33. Kc1 (33. e5 $2 Qxf4 34. Rf2 Nc3+ {[%mdl 64] Double Attack} 35. Ka1 Nxd5 $19) 33... Nc3) 33. Rxg6 {[#]} Qe1+ ({Better is} 33... Qd4 $1 $17 {[%csl Gg7][%cal Rd4a1]} 34. Kc1 Nxc5) 34. Qc1 $11 Nc3+ 35. Kc2 Qxc1+ 36. Kxc1 Nxd5 {[#]} 37. Rxg7+ $1 {[%mdl 512]} Kxg7 $17 38. exd5 $11 {[%mdl 4096] Endgame [#] KRB-KR} Bf5 $1 {aiming for ...Rb5.} 39. Rd2 Kf6 (39... Rb5 $17 40. c6 Kf8) 40. Rd4 {The position is equal.} Rh8 {Strongly threatening ...Rh2.} 41. d6 {Hoping for c6.} Bd7 42. Kc2 Kf5 43. Kc3 Rh2 {White happily takes the draw. Accuracy: White = 46%, Black = 52%.} 1/2-1/2

[Event "POL-chT 1st League 2020"]
[Site "Ustron"]
[Date "2020.09.06"]
[Round "2.29"]
[White "Czernek, Tymon"]
[Black "Praczukowski, Stanislaw"]
[Result "0-1"]
[WhiteElo "2267"]
[BlackElo "2173"]
[Annotator "TA"]
[PlyCount "62"]
[EventDate "2020.09.05"]
[EventType "team-tourn"]
[EventCountry "POL"]
[SourceTitle "playchess.com"]
[Source "ChessBase"]
[SourceQuality "1"]

{[%evp 16,62,16,0,0,0,10,-3,-4,-23,-20,-38,-35,-35,-41,-61,-62,-54,-53,-70,-79,-97,-84,-86,-47,-37,-12,-72,-59,-83,-77,-63,-34,-33,-26,-55,-37,-41,-37,-82,-82,-487,-205,-1112,-1019,-29991,-29992,-29992,-29993]} 1. e4 c5 2. Nf3 Nc6 3. d4 cxd4 4. Nxd4 e6 5. Nc3 a6 6. Nxc6 bxc6 7. Bd3 d5 8. O-O Nf6 9. e5 Nd7 {B46: Sicilian: Taimanov: 5 Nc3 a6.} 10. f4 g6 11. Kh1 Be7 {The position is equal.} 12. Ne2 {[#]} Bb7 $146 ({Predecessor:} 12... O-O 13. c3 c5 14. Bc2 Rb8 15. Ng3 f6 {½-½ (69) Rolj,P (2115)-Sahovic,D (2405) Nis 1996}) 13. c3 O-O 14. Rf3 a5 15. Rh3 Nc5 16. Bc2 Ne4 {And now ...Nf2+ would win.} 17. Be3 c5 18. Ng3 f5 19. Nxe4 dxe4 20. Qe2 Ba6 21. Qf2 (21. c4 $11) 21... Qb6 22. Rb1 Qc6 23. b3 Rad8 24. c4 {[#]} a4 $1 {[%mdl 512]} 25. Rg1 (25. bxa4 Bxc4) 25... axb3 26. axb3 Bb7 27. g4 Rd3 28. Rh6 $2 {[%mdl 8192] [#] This move loses the game for White.} (28. gxf5 $17 {nothing else works.} exf5 29. Qe2) 28... Rfd8 (28... Rxe3 $142 $1 {[%mdl 512]} 29. Qxe3 {[#]} Bg5 $1 {[%mdl 512]} 30. Rxg6+ (30. fxg5 $2 f4 $19) 30... hxg6) 29. h3 $2 {[#]} (29. gxf5 exf5 30. Rg2) 29... Rd2 $1 $19 {[%mdl 576] Decoy} 30. Bxd2 {[#]} e3+ $1 {[%mdl 576] Double Attack, Discovered Attack} 31. Qg2 Rxd2 {Accuracy: White = 60%, Black = 69%.} 0-1

[Event "POL-chT 1st League 2020"]
[Site "Ustron"]
[Date "2020.09.06"]
[Round "2.30"]
[White "Moscicka, Pola"]
[Black "Wikar, Martyna"]
[Result "1/2-1/2"]
[WhiteElo "1880"]
[BlackElo "2045"]
[Annotator "TA"]
[PlyCount "69"]
[EventDate "2020.09.05"]
[EventType "team-tourn"]
[EventCountry "POL"]
[SourceTitle "playchess.com"]
[Source "ChessBase"]
[SourceQuality "1"]

{[%evp 25,69,0,0,0,0,0,0,0,0,0,0,-6,-6,-6,-6,-13,-9,-6,-8,-15,0,0,0,0,0,0,0,0,0,0,0,0,0,0,0,0,0,0,0,0,0,0,0,0,0,0]} 1. d4 f5 2. g3 Nf6 3. Nf3 g6 4. Bg2 Bg7 5. O-O O-O 6. b3 d6 7. Bb2 Ne4 8. Nbd2 Nc6 9. c4 e5 10. dxe5 Nxd2 11. Qxd2 dxe5 12. Qd5+ Kh8 13. Qxd8 Rxd8 {The position is equal.} 14. Rfd1 {White wants to play Rxd8+. A87: Dutch Defence: Leningrad System: 5 Nf3.} e4 15. Rxd8+ Nxd8 16. Bxg7+ Kxg7 17. Nd4 Ne6 18. Rd1 Nxd4 19. Rxd4 $11 {[%mdl 4096] Endgame KRB-KRB} Be6 20. f3 Kf6 21. Kf2 Ke5 {[#]} 22. Rd1 $146 ({Predecessor:} 22. Ke3 g5 23. f4+ gxf4+ 24. gxf4+ Kf6 25. Bh3 a5 26. a4 Ke7 27. Rd1 Ra6 28. Kd2 Bd7 29. Rg1 {0-1 (41) Adrian,C (2271)-Berg,E (2550) Caleta 2012}) 22... exf3 23. exf3 f4 24. Re1+ Kf6 25. gxf4 Rd8 26. Bf1 Bf5 27. Re3 Rd2+ 28. Re2 Rd4 29. Kg3 Rd1 30. Bg2 Ra1 31. Rd2 b6 32. Bh3 Rg1+ 33. Kf2 {[#] And now Bxf5 would win.} Rh1 34. Kg2 {Bxf5 is the strong threat.} Ra1 35. Kg3 {An uneventful encounter. Accuracy: White = 100%, Black = 100%.} 1/2-1/2

[Event "POL-chT 1st League 2020"]
[Site "Ustron"]
[Date "2020.09.07"]
[Round "3.1"]
[White "Kowalski, Igor"]
[Black "Kolago, Marcin"]
[Result "1/2-1/2"]
[WhiteElo "2397"]
[BlackElo "2342"]
[Annotator "TA"]
[PlyCount "34"]
[EventDate "2020.09.05"]
[EventType "team-tourn"]
[EventCountry "POL"]
[SourceTitle "playchess.com"]
[Source "ChessBase"]
[SourceQuality "1"]
[WhiteTeam "KS LAURA Chylice"]
[BlackTeam "SSz Gminy Pawlowice"]
[WhiteTeamCountry "POL"]
[BlackTeamCountry "POL"]

{[%evp 10,34,8,0,13,13,31,31,29,17,30,18,22,0,0,-18,31,22,21,0,0,0,0,0,0,-8,10]} 1. d4 Nf6 2. Nf3 g6 3. Bf4 Bg7 4. e3 d6 5. h3 O-O 6. Be2 a6 {A48: 1 d4 Nf6 2 Nf3 g6: Torre, London and Colle Systems.} 7. c4 c5 8. Nc3 Bf5 {White is slightly better.} 9. O-O Ne4 {[#]} 10. Nxe4 $146 ({Predecessor:} 10. Nh4 Nxc3 11. bxc3 Bd7 12. Nf3 Nc6 13. Qc2 Qa5 14. Rac1 Rfe8 15. Rfd1 Nd8 16. d5 {0-1 (71) Le Scraigne,E-Hedjazian,K Elancourt 2003}) 10... Bxe4 11. Nd2 Bf5 12. Nb3 Qb6 13. g4 Be6 {The position is equal.} 14. Qd2 a5 {[%cal Ba6a5,Ba5a4][%mdl 32] ...a4 is the strong threat.} 15. d5 Bd7 {[#] White must now prevent ...a4.} 16. Rab1 a4 17. Nc1 Qa5 {A rather calm draw. Accuracy: White = 100%, Black = 90%.} 1/2-1/2

[Event "POL-chT 1st League 2020"]
[Site "Ustron"]
[Date "2020.09.07"]
[Round "3.2"]
[White "Wiewiora, Eneasz"]
[Black "Chylewski, Patryk"]
[Result "1/2-1/2"]
[WhiteElo "2346"]
[BlackElo "2324"]
[Annotator "ChessBase"]
[PlyCount "32"]
[EventDate "2020.09.05"]
[EventType "team-tourn"]
[EventCountry "POL"]
[SourceTitle "playchess.com"]
[Source "ChessBase"]
[SourceQuality "1"]
[WhiteTeam "SSz Gminy Pawlowice"]
[BlackTeam "KS LAURA Chylice"]
[WhiteTeamCountry "POL"]
[BlackTeamCountry "POL"]
[TimeControl "40/5400+30:1800+30"]

1. e4 {[%emt 0:00:00]} c5 {[%emt 0:00:00]} 2. c3 {[%emt 0:00:00]} Nf6 {[%emt 0:00:00]} 3. e5 {[%emt 0:00:00]} Nd5 {[%emt 0:00:00]} 4. d4 {[%emt 0:00:00]} cxd4 {[%emt 0:00:00]} 5. cxd4 {[%emt 0:00:00]} e6 {[%emt 0:00:00]} 6. Nf3 {[%emt 0:00:00]} d6 {[%emt 0:00:04]} 7. a3 {[%emt 0:00:00]} Bd7 {[%emt 0:00:04]} 8. Bd3 {[%emt 0:00:00]} Bc6 {[%emt 0:00:05]} 9. O-O {[%emt 0:00:03]} Nd7 {[%emt 0:00:03]} 10. Qe2 {[%emt 0:10:24]} dxe5 {[%emt 0:00:09]} 11. Nxe5 {[%emt 0:00:11]} Nxe5 {[%emt 0:01:21]} 12. dxe5 {[%emt 0:00:08]} Qh4 {[%emt 0:06:06]} 13. Bd2 {[%emt 0:09:11]} a6 {[%emt 0:19:23]} 14. Nc3 {[%emt 0:06:17]} Nxc3 {[%emt 0:06:03]} 15. Bxc3 {[%emt 0:00:05]} Bc5 {[%emt 0:06:07]} 16. g3 {[%emt 0:02:26]} Qe7 {[%emt 0:11:44]} 1/2-1/2

[Event "POL-chT 1st League 2020"]
[Site "Ustron"]
[Date "2020.09.07"]
[Round "3.3"]
[White "Kokoszczynski, Jan"]
[Black "Rawicz, Karol"]
[Result "1/2-1/2"]
[WhiteElo "2231"]
[BlackElo "2225"]
[Annotator "ChessBase"]
[PlyCount "57"]
[EventDate "2020.09.05"]
[EventType "team-tourn"]
[EventCountry "POL"]
[SourceTitle "playchess.com"]
[Source "ChessBase"]
[SourceQuality "1"]
[WhiteTeam "KS LAURA Chylice"]
[BlackTeam "SSz Gminy Pawlowice"]
[WhiteTeamCountry "POL"]
[BlackTeamCountry "POL"]
[TimeControl "40/5400+30:1800+30"]

1. d4 {[%emt 0:00:00]} g6 {[%emt 0:00:16]} 2. c4 {[%emt 0:00:50]} Bg7 {[%emt 0:00:09]} 3. Nc3 {[%emt 0:00:14]} d6 {[%emt 0:00:10]} 4. e4 {[%emt 0:05:05]} Nc6 {[%emt 0:03:49]} 5. Be3 {[%emt 0:00:07]} e5 {[%emt 0:00:15]} 6. d5 {[%emt 0:00:05]} Nd4 {[%emt 0:08:24]} 7. Nge2 {[%emt 0:00:19]} Nxe2 {[%emt 0:01:51]} 8. Bxe2 {[%emt 0:00:06]} f5 {[%emt 0:01:38]} 9. exf5 {[%emt 0:00:06]} Bxf5 {[%emt 0:01:40]} 10. g4 {[%emt 0:00:05]} Bd7 {[%emt 0:01:02]} 11. h4 {[%emt 0:01:08]} Qe7 {[%emt 0:02:46]} 12. Ne4 {[%emt 0:32:08]} Nf6 {[%emt 0:06:06]} 13. f3 {[%emt 0:05:26]} Nxe4 {[%emt 0:03:08]} 14. fxe4 {[%emt 0:00:16]} h6 {[%emt 0:13:30]} 15. Qd2 {[%emt 0:01:30]} Bf6 {[%emt 0:00:23]} 16. Bf2 {[%emt 0:06:51]} a5 {[%emt 0:00:45]} 17. O-O-O {[%emt 0:02:31]} Kf7 {[%emt 0:02:05]} 18. Kb1 {[%emt 0:02:31]} Kg7 {[%emt 0:04:43]} 19. Rh2 {[%emt 0:04:42]} a4 {[%emt 0:01:45]} 20. Rdh1 {[%emt 0:06:26]} Kg8 {[%emt 0:11:01]} 21. Be3 {[%emt 0:01:14]} Bg7 {[%emt 0:00:07]} 22. Rf1 {[%emt 0:02:56]} Kh7 {[%emt 0:00:50]} 23. g5 {[%emt 0:04:04]} h5 {[%emt 0:00:09]} 24. Rhf2 {[%emt 0:02:08]} Rhf8 {[%emt 0:03:30]} 25. Rxf8 {[%emt 0:12:02]} Bxf8 {[%emt 0:00:02]} 26. Qb4 {[%emt 0:02:01]} b6 {[%emt 0:00:43]} 27. Rf2 {[%emt 0:01:13]} Kg7 {[%emt 0:03:26]} 28. Qe1 {[%emt 0:00:56]} Qe8 {[%emt 0:00:30]} 29. Qf1 {[%emt 0:03:43]} 1/2-1/2

[Event "POL-chT 1st League 2020"]
[Site "Ustron"]
[Date "2020.09.07"]
[Round "3.4"]
[White "Klepek, Witold"]
[Black "Praczukowski, Stanislaw"]
[Result "1/2-1/2"]
[WhiteElo "2159"]
[BlackElo "2173"]
[Annotator "NA"]
[PlyCount "32"]
[EventDate "2020.09.05"]
[EventType "team-tourn"]
[EventCountry "POL"]
[SourceTitle "playchess.com"]
[Source "ChessBase"]
[SourceQuality "1"]
[WhiteTeam "SSz Gminy Pawlowice"]
[BlackTeam "KS LAURA Chylice"]
[WhiteTeamCountry "POL"]
[BlackTeamCountry "POL"]
[TimeControl "40/5400+30:1800+30"]

1. e4 {[%emt 0:00:00]} c5 {[%emt 0:00:00]} 2. c3 {[%emt 0:00:00]} Nf6 {[%emt 0:00:00]} 3. e5 {[%emt 0:00:02]} Nd5 {[%emt 0:00:12]} 4. d4 {[%emt 0:00:46]} cxd4 {[%emt 0:00:16]} 5. cxd4 {[%emt 0:01:16]} d6 {[%emt 0:02:24]} 6. Nf3 {[%emt 0:01:51]} Nc6 {[%emt 0:00:44]} 7. Bc4 {[%emt 0:07:46]} Nb6 {[%emt 0:01:00]} 8. Bb5 {[%emt 0:02:11]} dxe5 {[%emt 0:01:35]} 9. Nxe5 {[%emt 0:01:37]} Bd7 $1 {[%emt 0:00:11]} 10. Nxd7 {[%emt 0:12:01]} Qxd7 {[%emt 0:01:53]} 11. Nc3 {[%emt 0:00:28]} Rd8 {[%emt 0:04:03]} 12. O-O {[%emt 0:03:31]} e6 $11 {[%emt 0:01:15]} 13. Bg5 {[%emt 0:01:44]} Be7 {[%emt 0:02:48]} 14. Bxe7 {[%emt 0:00:41]} Qxe7 {[%emt 0:00:09]} 15. Bxc6+ {[%emt 0:00:18]} bxc6 {[%emt 0:00:08]} 16. Qf3 {[%emt 0:01:58]} O-O {[%emt 0:15:59]} 1/2-1/2

[Event "POL-chT 1st League 2020"]
[Site "Ustron"]
[Date "2020.09.07"]
[Round "3.5"]
[White "Redzisz, Michal"]
[Black "Sapeta, Robert"]
[Result "1-0"]
[WhiteElo "2164"]
[BlackElo "1882"]
[Annotator "ChessBase"]
[PlyCount "103"]
[EventDate "2020.09.05"]
[EventType "team-tourn"]
[EventCountry "POL"]
[SourceTitle "playchess.com"]
[Source "ChessBase"]
[SourceQuality "1"]
[WhiteTeam "KS LAURA Chylice"]
[BlackTeam "SSz Gminy Pawlowice"]
[WhiteTeamCountry "POL"]
[BlackTeamCountry "POL"]
[TimeControl "40/5400+30:1800+30"]

1. d4 {[%emt 0:00:00]} Nf6 {[%emt 0:00:00]} 2. c4 {[%emt 0:00:00]} c5 {[%emt 0:00:00]} 3. d5 {[%emt 0:00:00]} Ne4 {[%emt 0:00:00]} 4. f3 {[%emt 0:00:17]} Qa5+ {[%emt 0:00:05]} 5. Nd2 {[%emt 0:00:02]} Nf6 {[%emt 0:03:57]} 6. e4 {[%emt 0:00:06]} d6 {[%emt 0:00:16]} 7. Bd3 {[%emt 0:05:08]} b5 {[%emt 0:05:33]} 8. cxb5 {[%emt 0:02:52]} e6 {[%emt 0:02:50]} 9. Ne2 {[%emt 0:21:20]} Nbd7 {[%emt 0:47:46]} 10. O-O {[%emt 0:04:56]} exd5 {[%emt 0:05:30]} 11. exd5 {[%emt 0:00:09]} Be7 {[%emt 0:03:36]} 12. Nc4 {[%emt 0:01:37]} Qc7 {[%emt 0:00:05]} 13. Nc3 {[%emt 0:12:03]} O-O {[%emt 0:04:25]} 14. Re1 {[%emt 0:13:02]} Re8 {[%emt 0:04:24]} 15. Bf4 {[%emt 0:01:35]} Bf8 {[%emt 0:04:18]} 16. Rxe8 {[%emt 0:03:19]} Nxe8 {[%emt 0:00:07]} 17. a4 {[%emt 0:02:07]} Ne5 {[%emt 0:08:17]} 18. Bf1 {[%emt 0:08:27]} Nxc4 {[%emt 0:00:34]} 19. Bxc4 {[%emt 0:00:03]} Bf5 {[%emt 0:00:42]} 20. Bd3 {[%emt 0:02:56]} Bd7 {[%emt 0:01:28]} 21. Qd2 {[%emt 0:03:11]} Nf6 {[%emt 0:02:45]} 22. Bg5 {[%emt 0:02:54]} Ne8 {[%emt 0:00:36]} 23. Rc1 {[%emt 0:03:02]} h6 {[%emt 0:00:20]} 24. Be3 {[%emt 0:01:30]} Qd8 {[%emt 0:00:27]} 25. Ne4 {[%emt 0:02:54]} f5 {[%emt 0:00:05]} 26. Ng3 {[%emt 0:01:07]} Qf6 {[%emt 0:00:24]} 27. f4 {[%emt 0:01:33]} g6 {[%emt 0:00:05]} 28. Qc3 {[%emt 0:02:01]} Qf7 {[%emt 0:00:05]} 29. b4 {[%emt 0:00:27]} Bg7 {[%emt 0:00:18]} 30. Qd2 {[%emt 0:00:17]} cxb4 {[%emt 0:00:24]} 31. Qxb4 {[%emt 0:00:08]} Kh7 {[%emt 0:00:10]} 32. Bc4 {[%emt 0:00:38]} Qe7 {[%emt 0:01:35]} 33. Re1 {[%emt 0:01:15]} Qf8 {[%emt 0:00:56]} 34. a5 {[%emt 0:01:43]} Nf6 {[%emt 0:01:03]} 35. h3 {[%emt 0:00:35]} h5 {[%emt 0:01:16]} 36. b6 {[%emt 0:02:00]} axb6 {[%emt 0:00:23]} 37. axb6 {[%emt 0:00:03]} h4 {[%emt 0:00:49]} 38. Ne2 {[%emt 0:00:10]} Qe8 {[%emt 0:00:34]} 39. Bd4 {[%emt 0:02:42]} Ne4 {[%emt 0:02:38]} 40. b7 {[%emt 0:00:00]} Bxd4+ {[%emt 0:00:00]} 41. Nxd4 {[%emt 0:00:45]} Rb8 {[%emt 0:03:50]} 42. Qb6 {[%emt 0:09:04]} Qh8 {[%emt 0:12:15]} 43. Nc6 {[%emt 0:12:42]} Qc3 {[%emt 0:08:52]} 44. Rxe4 {[%emt 0:00:53]} fxe4 {[%emt 0:00:43]} 45. Nxb8 {[%emt 0:01:28]} Qe1+ {[%emt 0:00:42]} 46. Bf1 {[%emt 0:04:28]} e3 {[%emt 0:01:19]} 47. Qxd6 {[%emt 0:00:49]} Bb5 {[%emt 0:01:12]} 48. Qe7+ {[%emt 0:01:09]} Kh6 {[%emt 0:01:28]} 49. Qf8+ {[%emt 0:00:09]} Kh7 {[%emt 0:00:05]} 50. Nd7 {[%emt 0:00:17]} Qxf1+ {[%emt 0:04:51]} 51. Kh2 {[%emt 0:00:03]} Bxd7 {[%emt 0:00:48]} 52. b8=Q {[%emt 0:00:23]} 1-0

[Event "POL-chT 1st League 2020"]
[Site "Ustron"]
[Date "2020.09.07"]
[Round "3.6"]
[White "Marcinczyk, Monika"]
[Black "Moscicka, Pola"]
[Result "1/2-1/2"]
[WhiteElo "1934"]
[BlackElo "1880"]
[Annotator "ChessBase"]
[PlyCount "55"]
[EventDate "2020.09.05"]
[EventType "team-tourn"]
[EventCountry "POL"]
[SourceTitle "playchess.com"]
[Source "ChessBase"]
[SourceQuality "1"]
[WhiteTeam "SSz Gminy Pawlowice"]
[BlackTeam "KS LAURA Chylice"]
[WhiteTeamCountry "POL"]
[BlackTeamCountry "POL"]
[TimeControl "40/5400+30:1800+30"]

1. e4 {[%emt 0:00:00]} c6 {[%emt 0:00:00]} 2. d4 {[%emt 0:00:00]} d5 {[%emt 0:00:00]} 3. Nc3 {[%emt 0:00:02]} dxe4 {[%emt 0:00:10]} 4. Nxe4 {[%emt 0:00:10]} Bf5 {[%emt 0:00:45]} 5. Ng3 {[%emt 0:00:16]} Bg6 {[%emt 0:00:09]} 6. h4 {[%emt 0:00:51]} h6 {[%emt 0:01:06]} 7. Nf3 {[%emt 0:00:40]} e6 {[%emt 0:06:01]} 8. h5 {[%emt 0:03:30]} Bh7 {[%emt 0:00:09]} 9. Bd3 {[%emt 0:02:08]} Bxd3 {[%emt 0:01:18]} 10. Qxd3 {[%emt 0:00:12]} Nf6 {[%emt 0:02:23]} 11. Bf4 {[%emt 0:10:46]} Bd6 {[%emt 0:02:55]} 12. Be5 {[%emt 0:01:36]} Bxe5 {[%emt 0:06:27]} 13. Nxe5 {[%emt 0:00:26]} Qd5 {[%emt 0:02:49]} 14. c4 {[%emt 0:11:04]} Qa5+ {[%emt 0:05:48]} 15. Qd2 {[%emt 0:02:32]} Qxd2+ {[%emt 0:03:21]} 16. Kxd2 {[%emt 0:02:09]} Nbd7 {[%emt 0:00:36]} 17. Kc3 {[%emt 0:00:52]} c5 {[%emt 0:03:00]} 18. Nxd7 {[%emt 0:02:27]} cxd4+ {[%emt 0:00:42]} 19. Kxd4 {[%emt 0:00:25]} O-O-O {[%emt 0:00:40]} 20. Kc3 {[%emt 0:02:43]} Rxd7 {[%emt 0:00:21]} 21. Rad1 {[%emt 0:00:44]} Rhd8 {[%emt 0:01:03]} 22. Rxd7 {[%emt 0:00:35]} Rxd7 {[%emt 0:00:05]} 23. f3 {[%emt 0:00:53]} Rc7 {[%emt 0:01:12]} 24. Kd4 {[%emt 0:00:55]} Rd7+ {[%emt 0:00:40]} 25. Ke3 {[%emt 0:00:47]} Rc7 {[%emt 0:00:15]} 26. Kd4 {[%emt 0:00:40]} Rd7+ {[%emt 0:00:29]} 27. Kc3 {[%emt 0:00:25]} Rc7 {[%emt 0:00:06]} 28. Kd4 {[%emt 0:00:32]} 1/2-1/2

[Event "POL-chT 1st League 2020"]
[Site "Ustron"]
[Date "2020.09.07"]
[Round "3.7"]
[White "Pakleza, Zbigniew"]
[Black "Szpar, Milosz"]
[Result "1/2-1/2"]
[WhiteElo "2503"]
[BlackElo "2397"]
[Annotator "TA"]
[PlyCount "80"]
[EventDate "2020.09.05"]
[EventType "team-tourn"]
[EventCountry "POL"]
[SourceTitle "playchess.com"]
[Source "ChessBase"]
[SourceQuality "1"]
[WhiteTeam "Sz.S.O.N. ZAGLEBIE Dabrowa G."]
[BlackTeam "LKSz GCKiP Czarna"]
[WhiteTeamCountry "POL"]
[BlackTeamCountry "POL"]

{[%evp 29,80,13,13,12,15,10,21,21,21,21,20,28,27,13,20,0,7,6,6,0,0,0,6,6,16,0,0,0,6,6,6,0,6,0,0,0,0,0,0,0,0,0,0,0,0,0,0,0,0,0,0,0,0]} 1. Nf3 Nf6 2. c4 e6 3. Nc3 c5 4. e3 d5 5. d4 dxc4 6. Bxc4 a6 7. a4 Nc6 8. O-O Be7 9. Qe2 cxd4 10. Rd1 e5 11. exd4 exd4 12. Nxd4 Nxd4 13. Qe5 Qd6 14. Qxd6 Bxd6 15. Rxd4 Bc5 16. Rd1 {D27: Queen's Gambit Accepted: Classical main line: 7 e4!? and 7 a4.} O-O 17. Bg5 Be6 18. Bxe6 fxe6 19. Bxf6 gxf6 20. Ne4 Rac8 {[#]} 21. h4 $146 ({Predecessor:} 21. Nxc5 Rxc5 22. Rd7 Rf7 {½-½ (22) Postny,E (2586)-Erenburg,S (2564) Greensboro 2018}) 21... Bb4 {The position is equal.} 22. Rac1 (22. Rd4 {is interesting.} a5 23. Rad1 f5 24. Ng5 Rfe8 25. b3) 22... Rxc1 23. Rxc1 $11 {[%mdl 4096] Endgame KRB-KRN} Rf7 24. Kf1 Kg7 25. Rc4 Be7 26. Ke2 Kg6 27. Rd4 f5 28. Nd6 Bxd6 29. Rxd6 {KR-KR} Kf6 30. Ke3 Ke5 31. Rb6 f4+ 32. Kf3 Kf5 33. g4+ fxg3 $1 34. fxg3 h5 35. b4 Rd7 36. a5 Rd3+ 37. Kf2 Rd7 38. Kf3 Rd3+ 39. Kf2 Rd7 40. Kf3 Ke5 {A rather calm draw. Accuracy: White = 100%, Black = 100%.} 1/2-1/2